000 00221 a2200097 4500
001 42943
100 _aPakistan G of
245 _aPakistan basic facts 1969-70
260 _a
_bGovt of Pakistan
_c
090 _c26824
_d26824
942 _aNUST-CAE
_cM
_c18696
999 _c278016
_d278016